Nový vývoj v jihovýchodní Asii a Pacifiku

Salvato in:
Dettagli Bibliografici
Autore principale: Drábek, Jaroslav
Natura: Capitolo di libro
Lingua:ceco
Tags: Aggiungi Tag
Nessun Tag, puoi essere il primo ad aggiungerne!!

MARC

LEADER 00000naa$a2200000$$$4500
001 0204607
005 20240502073421.6
041 0 |a cze 
044 |a SK 
245 1 0 |a Nový vývoj v jihovýchodní Asii a Pacifiku  |c Jaroslav Drábek 
100 1 |a Drábek, Jaroslav